<?xml version="1.0" encoding="UTF-8"?>
<marc:record xmlns:marc="http://www.loc.gov/MARC21/slim">
   <marc:leader>00000nam a2200000 a 4500</marc:leader>
   <marc:datafield ind1="1" ind2=" " tag="100">
      <marc:subfield code="a">Lapierre, Dominique</marc:subfield>
      <marc:subfield code="4">aut</marc:subfield>
      <marc:subfield code="e">Verfasser/-in</marc:subfield>
   </marc:datafield>
   <marc:datafield ind1="0" ind2="0" tag="245">
      <marc:subfield code="a">Ihr seid die Hoffnung</marc:subfield>
   </marc:datafield>
   <marc:datafield ind1=" " ind2="1" tag="264">
      <marc:subfield code="a">München</marc:subfield>
      <marc:subfield code="b">Bertelsmann</marc:subfield>
      <marc:subfield code="c">1991</marc:subfield>
   </marc:datafield>
   <marc:datafield ind1=" " ind2=" " tag="250">
      <marc:subfield code="a">1. Aufl.</marc:subfield>
   </marc:datafield>
   <marc:datafield ind1="1" ind2=" " tag="520">
      <marc:subfield code="a">Gründliches Recherchieren, die besondere Fähigkeit des Verfassers der "Stadt der Freude" (BA 12/85), zeichnet auch sein neuestes Buch aus: die Geschichte der weltweiten AIDS-Forschung in den Jahren 1980-86. In Form eines Unterhaltungsromans erzählt Lapierre, routiniert spannend und mit einer gehörigen Portion Pathos und Sentiment, die Geschichte von der Entdeckung des AIDS-Virus und der bisher vergeblichen Versuche, seiner Herr zu werden, bis zur Entwicklung des Medikaments AZT und dessen erstem Einsatz. Auf Schauplätzen der USA, Europas, Israels und Indiens spielen sich die zahlreichen, vielfältigen Schicksale realer und erfundener Figuren ab, vom anonymen Patienten über prominente Ärzte und Wissenschaftler bis zu Mutter Teresa und einigen ihrer Schwestern, die aus dem Sterbehaus in Kalkutta nach New York geschickt werden. - Breit einsetzbar.</marc:subfield>
   </marc:datafield>
   <marc:datafield ind1=" " ind2=" " tag="020">
      <marc:subfield code="a">9783570019245</marc:subfield>
      <marc:subfield code="9">9783570019245</marc:subfield>
   </marc:datafield>
   <marc:datafield ind1=" " ind2=" " tag="300">
      <marc:subfield code="a">478</marc:subfield>
   </marc:datafield>
</marc:record>
